| 000 | 00589nam a22001697a 4500 | ||
|---|---|---|---|
| 999 |
_c60779 _d60779 |
||
| 005 | 20231020113707.0 | ||
| 008 | 231020s1966 ru ||||| |||| 00| 0 rus d | ||
| 041 | _arus | ||
| 080 | _a930.85(100) K-64 | ||
| 100 |
_aКонрад, Н.И. _920159 |
||
| 245 |
_aЗапад и Восток : _bСтатьи / _cН. И. Конрад. |
||
| 264 |
_a Москва: _bГл. ред. восточн. лит-ры, _c1966. |
||
| 300 |
_a 520 стр.: _b22 см. |
||
| 653 | _aდასავლეთი და აღმოსავლეთი | ||
| 653 | _aისტორია | ||
| 942 |
_2udc _cBK |
||